Gasoline|Petrol company names - Statistics

General Stats
  • This quiz has been taken 62 times
    51 since last reset
  • The average score is 4 of 22
Answer Stats
Hint Answer % Correct
sea Shell
76%
Oil spill in Louisiana BP
63%
Texas Texaco
46%
Same as above, but in Alaska Exxon
44%
2 is the__of 1+1 Total
39%
Tiger Esso
34%
Not an ocean nor a sea, but a ____ Gulf
22%
Rio de Janeiro Petrobras
20%
Manila Cal-Tex
15%
Madrid Repsol
12%
US Independence 76
7%
Mexico City Pemex
7%
Late boxer Edwin ______ Valero
5%
Frankfurt Aral
2%
Sacramento Kings Arco
2%
Santiago Copec
2%
Seoul Eneos
2%
Toronto Petrocanada
2%
Lima Petroperu
2%
San Juan Puma
2%
Buenos Aires YPF
2%
Bolivia's "Oriente Petroleros" futbol team was formed by this company YPFB
2%
No matching quizzes found
Score Distribution
Percent of People with Each Score
Percentile by Number Answered
Your Score History
You have not taken this quiz since the last reset